Geologic map of east-central Santa Monica Mountains, Los Angeles County, California /

Bibliographic Details
Main Author: Yerkes, R. F., 1923-
Corporate Authors: Geological Survey (U.S.), Los Angeles County (Calif.)
Other Authors: Campbell, Russell H., 1928-
Format: Government Document Map
Language:English
Published: Reston, Va. : The Survey, 1980.
Series:Miscellaneous investigations series (Geological Survey (U.S.)) ; map I-1146.
Subjects:

MARC

Tag First Indicator Second Indicator Subfields
LEADER 00000cem a2200000Ia 4500
001 in00002467693
005 20151111041942.0
007 aj canzn
008 810603s1980 vauag a f 0 eng d
034 1 |a a  |b 24000  |d W1184500  |e W1183350  |f N0340730  |g N0340130 
035 |a (OCoLC)ocm07471817 
035 |a (OCoLC)7471817 
040 |a GIS  |c GIS  |d NMT  |d OCL  |d COP  |d OCLCG  |d STF  |d TXA  |d UtOrBLW 
043 |a n-us-ca 
049 |a TXAM 
050 1 4 |a G3701.C5 svar  |b .U52 I-1146 
052 |a 4363  |b L6 
074 |a 0619-G-08 
086 0 |a I 19.91:I-1146 
100 1 |a Yerkes, R. F.,  |d 1923- 
245 1 0 |a Geologic map of east-central Santa Monica Mountains, Los Angeles County, California /  |c by R.F. Yerkes and R.H. Campbell ; Department of the Interior, United States Geological Survey ; prepared in cooperation with Los Angeles County, California. 
246 3 0 |a Santa Monica Mountains, Los Angeles County, California 
246 3 0 |a Los Angeles County, California 
255 |a Scale 1:24,000  |c (W 118⁰45ʹ00ʺ--W 118⁰33ʹ50ʺ/N 34⁰07ʹ30ʺ--N 34⁰01ʹ30ʺ). 
264 1 |a Reston, Va. :  |b The Survey,  |c 1980. 
300 |a 1 map :  |b color ;  |c 46 x 71 cm., folded in envelope 30 x 24 cm. 
336 |a cartographic image  |b cri  |2 rdacontent 
337 |a unmediated  |b n  |2 rdamedia 
338 |a sheet  |b nb  |2 rdacarrier 
490 1 |a Miscellaneous investigations series / United States Geological Survey ;  |v map I-1146 
500 |a Relief shown by contours and spot heights. 
500 |a Includes 5 col. cross-sections, location map, and "Index to mapping." 
504 |a Includes bibliographical references. 
500 |a Cartographic material. 
650 0 |a Geology  |z California  |z Los Angeles County  |v Maps. 
700 1 |a Campbell, Russell H.,  |d 1928- 
710 2 |a Geological Survey (U.S.) 
710 1 |a Los Angeles County (Calif.) 
830 0 |a Miscellaneous investigations series (Geological Survey (U.S.)) ;  |v map I-1146. 
994 |a C0  |b TXA 
948 |a cataloged  |b h  |c 2009/07/09  |e rzeske  |f 02:01:34 pm 
999 |a MARS 
999 f f |s 646169ad-ac67-3738-af77-6a6f8cb6904a  |i 307f22df-4250-3ae5-bf9b-76bdfb147673  |t 0 
952 f f |p normal  |a Texas A&M University  |b College Station  |c Sterling C. Evans Library  |d Evans: Maps File (2nd floor)  |t 0  |e I 19.91:I-1146  |h Superintendent of Documents classification  |i unmediated -- sheet  |m A14837624620 
998 f f |a I 19.91:I-1146  |t 0  |l Evans: Maps File (2nd floor)